Intercambios: Spanish for Global Communication / (Record no. 617118)
[ view plain ]
| 000 -LEADER | |
|---|---|
| fixed length control field | 00422nam a2200145 4500 |
| 020 ## - INTERNATIONAL STANDARD BOOK NUMBER | |
| Qualifying information | PB. |
| 040 ## - CATALOGING SOURCE | |
| Transcribing agency | FIZZA ISHAQ |
| 082 ## - DEWEY DECIMAL CLASSIFICATION NUMBER | |
| Classification number | 468.2421 |
| Author Mark | HEN |
| 100 ## - MAIN ENTRY--PERSONAL NAME | |
| Personal name | Hendrickson, James M. |
| 9 (RLIN) | 134169 |
| 245 ## - TITLE STATEMENT | |
| Title | Intercambios: Spanish for Global Communication / |
| Statement of responsibility, etc. | James M. Hendrickson. |
| 250 ## - EDITION STATEMENT | |
| Edition statement | 3rd ED. |
| 260 ## - PUBLICATION, DISTRIBUTION, ETC. | |
| Place of publication, distribution, etc. | London: |
| Name of publisher, distributor, etc. | Heinle & Heinle Publishers, |
| Date of publication, distribution, etc. | 1997. |
| 300 ## - PHYSICAL DESCRIPTION | |
| Extent | 346 P. ; |
| Dimensions | 9 x 7.5 inches, |
| 942 ## - ADDED ENTRY ELEMENTS (KOHA) | |
| Source of classification or shelving scheme | |
| Koha item type | Book |
| Withdrawn status | Lost status | Source of classification or shelving scheme | Damaged status | Not for loan | Permanent Location | Current Location | Shelving location | Date acquired | Total Checkouts | Full call number | Barcode | Date last seen | Price effective from | Koha item type |
|---|---|---|---|---|---|---|---|---|---|---|---|---|---|---|
| NUST Baluchistan Campus (NBC) | NUST Baluchistan Campus (NBC) | General Stacks | 04/16/2026 | 468.2421 HEN | QD-586 | 04/16/2026 | 04/16/2026 | Book |
